000 02455cam a22005414i 4500
003 PE-LiUPU
005 20250731173042.0
008 160225s2016 txu rb 001 0 eng d
020 _z1602585709
020 _z9781602585706
035 _a(Sirsi) 940964380
035 _a(OCoLC)940964380
_z(OCoLC)941066252
_z(OCoLC)958479377
040 _aN$T
_beng
_erda
_epn
_cN$T
_dP@U
_dYDXCP
_dCDX
_dEBLCP
_dKZK
_dIDEBK
_dIDB
_dVLB
_dOCLCQ
_dMERUC
_dOCLCQ
_dPE-LiUPU
049 _aPRUA
050 4 _aBX6329.A1
_bH37 2016eb
082 0 4 _a286
_bH22
_223
100 1 _aHarmon, Steven R.
_q(Steven Ray),
_eautor.
245 1 0 _aBaptist identity and the ecumenical future :
_bstory, tradition, and the recovery of community /
_cSteven R. Harmon.
264 1 _aWaco, Texas :
_bBaylor University Press,
_c2016.
300 _axiv, 345 páginas ;
_c24 centímetros
336 _atext
_2rdacontent
337 _aunmediated
_2rdamedia
338 _avolume
_2rdacarrier
504 _aBibliografía : páginas 273-310.
504 _aIndice : páginas 325-345.
505 0 _aThe Baptist vision and the ecumenical moment -- A radical Baptist proposal -- Seizing the ecumenical moment -- Baptists, Biblicism, and Catholicity -- One sacred story -- One contested tradition -- Radically biblical, radically Catholic -- Baptist identity and receptive ecumenism -- The end of Baptist denominationalism -- Receiving the gift of magisterium -- Baptist theology and the ecumenical future -- The ecumenical task of theology -- The theology of a pilgrim church -- The Baptist eschatological vision and the ecumenical future.
526 _aSEG42
526 _aSEG41
526 _aSEG40
526 _aSEG39
526 _aP94
526 _aP87
526 _aP86
526 _aP85
526 _aP77
526 _aP76
526 _aP35
650 1 4 _aBautistas
_xRelaciones.
650 2 4 _aUnión cristiana.
650 2 4 _aRelaciones interreligiosas.
_91493
910 _adbm
_bncf
_cncf
_d20171226
942 _2ddc
_cBOOK
949 _a286 H22
_wDEWEY
_c1
_i77761
_lCATALOGING
_mBUL
_p41.97
_r0
_sY
_tBOOK
_u2017-12-26
_xPOSGRADO
_PP85
_0COMPRA
_o.STAFF. Colección Teología.
994 _aC0
_bPEPRU
596 _a1
999 _a286 H22
_wDEWEY
_c26348
_i77761
_f2021-11-11
_g5
_lCCODEBUL1
_mBUL
_p41.97
_r0
_sY
_tBOOK
_u2017-12-26
_xTEOLOGIA
_PP85
_0DONACION
_o.STAFF. Colección Teología.
_d26348
980 _81
_gALBERTO SANCHEZ Responsable de Automatización